[Event "AUTO-MASTER-1602"]
[Site "http://www.queenalice.com/game.php?id=1036286"]
[Date "2012.3.5"]
[Round "1"]
[White "RafmasterX"]
[Black "bongo"]
[Result "0-1"]
[WhiteElo "2196"]
[BlackElo "2088"]

1. e4 Nf6 2. e5 Nd5 3. d4 d6 4. exd6 cxd6 5. Nf3 e6 6. Bb5+ Bd7 7. a4 Be7 8. O-O
O-O 9. Bd2 Nc6 10. Bd3 Qb6 11. c4 Ndb4 12. Bc3 d5 13. c5 Qc7 14. Na3 Nxd3 15.
Qxd3 Bf6 16. b4 a6 17. b5 axb5 18. axb5 Ne7 19. b6 Qf4 20. Rfe1 Ra4 21. Nc2 Rfa8
22. Bd2 Qf5 23. Qb3 h6 24. Ne3 Rxa1 25. Nxf5 Nxf5 26. Qc3 R1a3 27. Qb2 Rxf3 28.
gxf3 Nxd4 29. Bc3 Nxf3+ 30. Kf1 d4 31. Bd2 d3 32. Bc3 e5 33. Rd1 Bh3# 0-1

[Event "AUTO-MASTER-1602"]
[Site "http://www.queenalice.com/game.php?id=1036287"]
[Date "2012.3.5"]
[Round "1"]
[White "bongo"]
[Black "RafmasterX"]
[Result "1-0"]
[WhiteElo "2027"]
[BlackElo "2203"]

1. e4 c5 2. Nf3 d6 3. d4 cxd4 4. Nxd4 Nf6 5. Nc3 a6 6. Be3 Nc6 7. Be2 e5 8. Nb3
Be6 9. O-O Be7 10. f4 O-O 11. Nd5 Nxe4 12. Nxe7+ Qxe7 13. Bf3 Nf6 14. fxe5 Nxe5
15. Bg5 Nc4 16. Qd4 h6 17. Bxf6 gxf6 18. Rfe1 Ne5 19. Qf4 Kg7 20. Nd4 Qc7 21.
Rad1 Qb6 22. b3 Ng6 23. Qe3 Qc7 24. Qxe6 fxe6 25. Nxe6+ Kg8 26. Nxc7 1-0

[Event "AUTO-MASTER-1602"]
[Site "http://www.queenalice.com/game.php?id=1036292"]
[Date "2012.3.5"]
[Round "1"]
[White "Constante"]
[Black "bongo"]
[Result "0-1"]
[WhiteElo "2130"]
[BlackElo "2057"]

1. e4 e5 2. Nf3 Nc6 3. Bb5 d6 4. d4 Bd7 5. Nc3 a6 6. Bxc6 Bxc6 7. dxe5 dxe5 8.
Qxd8+ Rxd8 9. Nxe5 Nf6 10. O-O Bd6 11. Nxc6 bxc6 12. Bg5 Rb8 13. Na4 Rb4 14.
Bxf6 gxf6 15. b3 Rxe4 16. Rfe1 Re6 17. Rxe6+ fxe6 18. Re1 Kd7 19. Rd1 h5 20.
Nc5+ Ke7 21. Ne4 f5 22. Nd2 Rd8 23. Rf1 Bxh2+ 24. Kxh2 Rxd2 25. Rc1 Rxf2 26. Kg1
Rd2 27. Kf1 e5 28. g3 Kf6 0-1

[Event "AUTO-MASTER-1602"]
[Site "http://www.queenalice.com/game.php?id=1036293"]
[Date "2012.3.5"]
[Round "1"]
[White "bongo"]
[Black "Constante"]
[Result "1-0"]
[WhiteElo "2107"]
[BlackElo "2077"]

1. d4 Nf6 2. c4 e6 3. Nc3 Bb4 4. a3 Bxc3+ 5. bxc3 b6 6. Nf3 Ne4 7. e3 Bb7 8. Qc2
O-O 9. Bd3 f5 10. O-O d6 11. Nd2 Qh4 12. f3 Ng5 13. d5 Rf6 14. dxe6 Nxe6 15.
Bxf5 Nf8 16. e4 Nbd7 17. Nb3 c5 18. Qe2 Qh5 19. Bg4 Qe5 20. Rd1 Rd8 21. Ra2 Ng6
22. Qd3 Ndf8 23. g3 h6 24. Re2 Qe7 25. f4 Bc6 26. e5 Re6 27. Bxe6+ Qxe6 28. f5
Nxe5 29. fxe6 1-0

[Event "AUTO-OPEN-2626"]
[Site "http://www.queenalice.com/game.php?id=1086229"]
[Date "2012.7.24"]
[Round "2"]
[White "Ferdyrojo"]
[Black "bongo"]
[Result "0-1"]
[WhiteElo "1953"]
[BlackElo "2140"]

1. e4 e5 2. Nf3 Nc6 3. Bb5 a6 4. Ba4 Nf6 5. O-O Be7 6. Re1 b5 7. Bb3 O-O 8. c3
d5 9. exd5 Nxd5 10. Nxe5 Nxe5 0-1

[Event "AUTO-OPEN-2626"]
[Site "http://www.queenalice.com/game.php?id=1086233"]
[Date "2012.7.24"]
[Round "2"]
[White "amarkin"]
[Black "bongo"]
[Result "1-0"]
[WhiteElo "2501"]
[BlackElo "2025"]

1. Nf3 g6 2. d4 Nf6 3. c4 Bg7 4. Nc3 d5 5. Bf4 O-O 6. e3 c5 7. Be2 cxd4 8. exd4
Nc6 9. O-O dxc4 10. Bxc4 Na5 11. Bd3 Nc6 12. Bc4 Bf5 13. Rc1 Rc8 14. h3 Qb6 15.
Na4 Qd8 16. Re1 Nb4 17. Bd2 1-0

[Event "AUTO-OPEN-2626"]
[Site "http://www.queenalice.com/game.php?id=1086234"]
[Date "2012.7.24"]
[Round "2"]
[White "bongo"]
[Black "amarkin"]
[Result "0-1"]
[WhiteElo "2023"]
[BlackElo "2502"]

1. e4 e5 2. Nf3 Nc6 3. Bb5 Nge7 4. O-O g6 5. c3 Bg7 6. d4 exd4 7. cxd4 d5 8.
exd5 Nxd5 9. Re1+ Be6 10. Bg5 Qd6 11. Nbd2 O-O 12. Nc4 Qb4 13. a4 Rfe8 14. Bd2
Qf8 15. Nce5 Nxe5 16. dxe5 c6 17. Bf1 Bg4 0-1